000 00645pam a22002174a 4500
008
020 _a074944259X (hbk.)
049 _aMAIN
090 _aHM1221
_bMcC
100 1 _aMcCusker, Gerry.
245 1 0 _aTalespin :
_bpublic relations disasters-inside stories & lessons learnt /
_cGerry McCusker.
260 _aLondon :
_bKogan Page,
_c2005.
300 _aviii, 327 p. ;
_c25 cm.
500 _aIncludes index.
650 0 _aPublic relations
_vCase studies.
907 _a.b10317156
_b21-10-13
_c03-09-12
003
005 20230123125443.0
040 _cNUST
942 _cBOOKS
_kHM1221
_mMcC
999 _c141773
_d141773